000 00443nam a2200157 4500
999 _c7765
_d7765
020 _a9788174732293
050 _aQM26
100 _aGupta, L. C.
_aGupta, Kusum
_aGupta, Abhishek
245 _aAnatomy & physiolgy for nurses
250 _a2nd
260 _aNew Delhi
_bA.I.T.B.S. Publishers
_c2008
300 _ax,400p
_billus
500 _aincludes bibliographic references and index
650 _ahuman physiology
_xhuman anatomy
942 _cBK